| 000 | 01001cam a22002651 4500 | ||
|---|---|---|---|
| 001 | e 39000366 | ||
| 003 | DLC | ||
| 005 | 20260227111228.0 | ||
| 008 | 790919s1939 nyua s s000 0 eng c | ||
| 010 | _ae 39000366 | ||
| 035 | _a(OCoLC)5390477 | ||
| 040 |
_aU.S. Off. of educ. Library _cOCl _dDLC |
||
| 042 | _apremarc | ||
| 050 | 0 | 0 |
_aLA447 _b.N52 |
| 110 | 2 | _aUniversity of the State of New York. | |
| 245 | 1 | 2 | _aA generation of education. |
| 260 |
_a[Albany?] _bNew York state education department, _c1939. |
||
| 300 |
_a73 p. _bdiagrs. _c21 x 26 cm. |
||
| 500 | _a"The data were collected and arranged by Philip A. Cowen and the designing of the cover and symbols and the drawing of the charts were done by Joseph E. Page."--p. [1] | ||
| 650 | 0 |
_aEducation _zNew York (State) _vStatistics. |
|
| 651 | 0 |
_aNew York (State) _vStatistics. |
|
| 650 | 0 |
_aPublic schools _zNew York (State) _vStatistics. |
|
| 700 | 1 |
_aCowen, Philip Albert, _d1899- |
|
| 700 | 1 |
_aPage, Joseph Edward, _d1912- _eillus. |
|
| 999 |
_c21677 _d21677 |
||